|
|
|
|
| LEADER |
01155nam a2200301 a 4500 |
| 001 |
16256 |
| 003 |
BD-DhAAL |
| 008 |
090416r2006 ii a 001 0 eng d |
| 999 |
|
|
|c 176
|d 176
|
| 010 |
|
|
|a 00020990
|
| 020 |
|
|
|a 0070612234
|
| 040 |
|
|
|a DLC
|c DLC
|d DLC
|d BD-DhAAL
|
| 082 |
0 |
0 |
|a 530.141
|2 22
|
| 100 |
1 |
|
|a Hayt, William Hart,
|d 1920-
|9 17651
|
| 245 |
1 |
0 |
|a Engineering electromagnetics /
|c William H. Hayt and Jr., John A. Buck.
|
| 250 |
|
|
|a Seventh edition
|
| 260 |
|
|
|a New Delhi :
|b Tata McGraw-Hill Publishing Company Ltd,
|c c2006 [reprinted].
|
| 300 |
|
|
|a xiii, 582 pages :
|b illustrations (some colors) ;
|c 24 cm.
|
| 490 |
|
|
|a McGraw-Hill series in electrical engineering
|
| 500 |
|
|
|a Includes index.
|
| 526 |
|
|
|a EEE
|
| 541 |
1 |
|
|e 16256
|
| 650 |
|
0 |
|a Electromagnetic theory.
|9 17653
|
| 650 |
|
0 |
|a Electrical engineering.
|9 42620
|
| 700 |
1 |
|
|a Buck, John A.
|9 17654
|
| 852 |
|
|
|a Ayesha Abed Library
|c General Stacks
|
| 942 |
|
|
|2 ddc
|c BK
|
| 952 |
|
|
|0 0
|1 4
|2 ddc
|4 0
|6 530_141000000000000_HAY
|7 0
|9 163
|a BRACUL
|b BRACUL
|c GEN
|d 2009-04-28
|l 0
|o 530.141 HAY
|p 3010016256
|r 2009-04-28
|t 1
|w 2009-04-28
|y BK
|z <For replacement, purchased 3 copies>
|x Koha Inventory 2020
|